000 00591cam a22001814a 4500
005 20250605164348.0
008 250528s ||||||||||||||||||||||||d
035 _a24033
040 _aGR-AtMCL
_bgre
_dGR-AtMCL
_eAACR2
245 1 _aVideh Kumar Jaipuriar / Is Person of the Year 2021
260 _bInternational Airport Review,
_c2021
300 _a48
520 _aOpening Sweden to the World, Finding Your Way at Zurich Airport with Google Maps, A Year in Review from ACI World.
700 1 _aSciacchitano Paola
_99362
942 _cCR
999 _c8934
_d8934